02765nmm a22002777a 4500999001500000003000400015005001700019008004100036040000700077100003100084245012400115260008600239300003400325500014200359505099600501505054701497505008202044650002302126650003202149650004202181650003402223650003502257650003602292856014602328942001302474 c5419d5419OSt20250327105508.0191018e xxu|||||o||d| 00| 0 spa d cPJ 96440aPáramo, Gabriel E.13aReflexiones en torno de la suspensión del proceso a prueva en casos de violencia de género / cGabriel E. Páramo. aSan José :bRevista Electrónica de Estudios Penales y de la Seguridad,c2019. a1 recurso en línea (21 p.). aArtículo de doctrina. Publicado en Revista Electrónica de Estudios Penales y de la Seguridad. Nº 5 Especial (2019). ISSN: 2531-1565  aEn el presente artículo me propongo reflexionar acerca de la aplicación de soluciones alternativas al conflicto penal como la suspensión del proceso a prueba (probation), en casos de violencia contra las mujeres/de género. Me concentraré en las discusiones jurisprudenciales que han tenido lugar en la Argentina, a partir del fallo "GÓNGORA" de la Corte Suprema de Justicia. Los lineamientos que emergen de dicho precedente, relativos al modo en que deben ser interpretadas las disposiciones de la Convención Interamericana para Prevenir, Sancionar y Erradicar la Violencia contra la Mujer, han obligado a los tribunales de jerarquía inferior a realizar, en cada caso, un exhaustivo análisis que les permita determinar si resulta o no procedente la suspensión del proceso a prueba, de conformidad con la citada doctrina del Máximo Tribunal. Los aportes efectuados por estos pronunciamientos al estudio de la cuestión, serán relevados a lo largo de este trabajo.  a1. LA SUSPENSIÓN DEL PROCESO A PRUEBA (PROBATION) EN EL SISTEMA PENAL ARGENTINO. DEFINICIONES Y CONTORNOS. 2. EL FALLO “GÓNGORA”. 3. REPERCUSIONES DEL FALLO “GÓNGORA”. 3.1. Interpretación de los términos “sancionar” y “juicio oportuno”. 3.2 Relevancia de la opinión del acusador público y de la víctima. 3.3. Necesidad de contemplar las particularidades de cada caso. 3.4. Acerca del encuadre de la situación como de violencia de género. 3.5. El caso “C”. 4. CONSIDERACIONES FINALES. 5. BIBLIOGRAFÍA. t¿Te interesa el texto completo? Solícitalo a koha@justierradelfuego.gov.ar 09343aDERECHO PENAL 093053aVIOLENCIA DE GÉNERO 092837aSUSPENSIÓN DEL JUCIO A PRUEBA 094044aPERSPECTIVA DE GÉNERO 0aJURISPRUDENCIA APLICABLE91057 0aFALLOS DE LA CORTE SUPREMA9699 uhttp://justierradelfuego.gov.ar/wp-content/uploads/2025/03/REFLEXIONES-EN-TORNO-DE-LA-SUSPENSION-DEL-PROCESO-A-PRUEBA.pdfyAcceso a documento 2udccARE